Bandiere che Rivelano Bandiere #2 - Statistics

Statistiche generali
  • Questo quiz è stato fatto 5.323 volte
  • Il punteggio medio è 17 su 21
Risposte nella Mappa
Le risposte nella mappa del quiz sottostante sono codificate secondo una scala di colori dal rosso al verde in base alla % di persone che hanno risposto correttamente.
 
Statistiche sulle risposte
Risposta % Corretto
Regno Unito
98%
Macedonia del Nord
96%
Giamaica
94%
Bosnia ed Erzegovina
93%
Bielorussia
92%
Kazakistan
91%
Sri Lanka
91%
Ungheria
87%
Honduras
84%
Uzbekistan
84%
Seychelles
83%
Etiopia
82%
Malesia
80%
Nigeria
78%
Libia
76%
Santa Lucia
74%
Brunei
73%
Zimbabwe
64%
Nauru
63%
Sud Sudan
58%
Tuvalu
54%
Nessun quiz corrispondente trovato
Distribuzione punteggi
Percentuale di utenti per punteggio
Percentile per numero di risposta
I tuoi punteggi nel tempo
Non hai fatto questo quiz